000 01077nam a2200289 i 4500
001 94029
003 ES-MaACL
005 20250624062911.0
007 t|
008 050531s1964 sp ||||1| spa d
080 _a75 Vallès, Romáa (083.82)
100 1 _aVallès, Romà (
_d1923-)
_9112885
245 1 0 _aRomán Vallés
_b: [exposición, Festivales de España 1964] /
_c[Textos: Alejandro Cirici-Pellicer, Carlos-Antonio Areán].
260 _a[Madrid] :
_bPublicaciones Españolas,
_c[1964]
300 _a13 h., 11 h. de lám en n. y col. ;
_c28 cm.
490 1 _aCuadernos de arte. Colección ordinaria ;
_v170
600 1 4 _aVallès, Romà (
_d1923-)
_9112885
655 7 _2tgfbne
_9193628
_aCatálogos de exposiciones
700 1 _aAreán, Carlos,
_d1921-1996
_922562
700 1 _aCirici, Alexandre.
_938890
710 2 _aFestivales de España.
_94125
830 0 _aCuadernos de arte. Colección ordinaria
_v170
_9180064
852 _aES-MaACL
_j2195-F-9
_bR.136171
852 _aES-MaACL
_jG-13302(4)
942 _2udc
999 _c94029
_d94029